[Event "38th Nezhmetdinov Mem"]
[Site "Kazan RUS"]
[Date "2016.06.04"]
[Round "5.34"]
[White "Skvortsov, Vladimir"]
[Black "Davydov, Sergey P."]
[Result "0-1"]
[BlackTitle "FM"]
[WhiteElo "2016"]
[BlackElo "2266"]
[WhiteFideId "24183792"]
[BlackFideId "4123182"]
[EventDate "2016.05.31"]

1. Nf3 Nf6 2. g3 g6 3. Bg2 Bg7 4. O-O O-O 5. c4 c6 6. d4 d6 7. Nc3 Nbd7 8. d5
cxd5 9. cxd5 Nc5 10. Be3 a5 11. Rc1 Bd7 12. b3 Rc8 13. h3 Nfe4 14. Bd4 Nxc3 15.
Rxc3 Bxd4 16. Qxd4 Bb5 17. Re1 Nd7 18. e3 Rxc3 19. Qxc3 Nc5 20. Nd4 Bd7 21. Rc1
Qb6 22. Ne2 Rc8 23. Qd4 Qd8 24. Qd2 Qb6 25. Rc4 Bb5 26. Rc3 Bxe2 27. Qxe2 Rc7
28. Qc2 Na6 29. Rxc7 Qxc7 30. Qxc7 Nxc7 31. Kf1 g5 32. Ke2 Kg7 33. Kd3 b6 34. f4
gxf4 35. gxf4 e5 36. dxe6 fxe6 37. Bc6 h6 38. Ke4 Na6 39. Kd4 Nb4 40. Be4 Nxa2
41. Bg2 d5 42. e4 Nb4 43. exd5 exd5 44. Bxd5 Nxd5 45. Kxd5 0-1

[Event "38th Nezhmetdinov Mem"]
[Site "Kazan RUS"]
[Date "2016.06.04"]
[Round "5.35"]
[White "Obodenko, Amir"]
[Black "Murzin, Lenar"]
[Result "1-0"]
[BlackTitle "IM"]
[WhiteElo "2263"]
[BlackElo "2104"]
[WhiteFideId "34101176"]
[BlackFideId "4116461"]
[EventDate "2016.05.31"]

1. e4 c5 2. Nf3 e6 3. c3 d5 4. exd5 Qxd5 5. d4 Nf6 6. Na3 Nc6 7. Nb5 Qd8 8. dxc5
Bxc5 9. Bf4 Nd5 10. Bg3 a6 11. Nbd4 Bd7 12. Be2 O-O 13. O-O Qb6 14. Nb3 Be7 15.
c4 Nf6 16. c5 Qd8 17. Rc1 Rc8 18. Nfd2 Nb4 19. Nc4 Nxa2 20. Ra1 Nb4 21. Nb6 Bc6
22. Nxc8 Qxc8 23. Qd2 Nbd5 24. Bf3 Rd8 25. Rfc1 h6 26. Na5 Bb5 27. Nc4 Qxc5 28.
Nd6 Qb6 29. Nc8 Rxc8 30. Rxc8+ Kh7 31. Be5 Bc6 32. Qc2+ g6 33. Bxd5 exd5 34. Rc7
Nd7 35. Qe2 Bb5 36. Qe1 Bd8 37. Rc8 Nxe5 38. Qxe5 1-0

[Event "38th Nezhmetdinov Mem"]
[Site "Kazan RUS"]
[Date "2016.06.04"]
[Round "5.36"]
[White "Shkuro, Alexandr"]
[Black "Dmitriev, Igor"]
[Result "0-1"]
[BlackTitle "IM"]
[WhiteElo "1992"]
[BlackElo "2259"]
[WhiteFideId "4174160"]
[BlackFideId "4114833"]
[EventDate "2016.05.31"]

1. d4 d6 2. Nf3 g6 3. e4 Bg7 4. Be2 Nf6 5. Nbd2 O-O 6. O-O c5 7. d5 Qc7 8. c4
Bd7 9. Rb1 e6 10. Bd3 a5 11. b3 a4 12. Bb2 e5 13. Qc2 axb3 14. axb3 Na6 15. Bc3
Nb4 16. Bxb4 cxb4 17. Ra1 Qc5 18. h3 Nh5 19. Rfe1 Bh6 20. Ra2 Rxa2 21. Qxa2 f5
22. Ra1 Bxd2 23. Qxd2 fxe4 24. Bxe4 Ng3 25. Qd3 Kg7 26. Ra2 Nh5 27. Ng5 h6 28.
Ne6+ Bxe6 29. dxe6 Nf4 30. Qe3 Qxe3 31. fxe3 Nxe6 32. Bxb7 Nc5 33. Bd5 h5 34.
Bf3 Rd8 35. Bd1 d5 36. Rd2 d4 37. exd4 exd4 38. Kf1 d3 39. Rb2 Ra8 40. Kf2 Ra1
41. Bf3 Kf6 42. Ke3 Ke5 43. Rd2 Re1+ 44. Kf2 Rb1 45. Ke3 Rxb3 46. Ra2 Ra3 47.
Rb2 b3 48. Bd1 h4 49. Rb1 g5 50. Rb2 Ra2 51. Rb1 Rxg2 52. Bxb3 Rg3+ 53. Kd2 Ne4+
54. Kc1 Rxh3 55. Bd1 0-1

[Event "38th Nezhmetdinov Mem"]
[Site "Kazan RUS"]
[Date "2016.06.04"]
[Round "5.37"]
[White "Imashev, Ildar"]
[Black "Markelova, Lubov"]
[Result "1-0"]
[BlackTitle "WFM"]
[WhiteElo "2225"]
[BlackElo "2059"]
[WhiteFideId "4166337"]
[BlackFideId "24131369"]
[EventDate "2016.05.31"]

1. e4 e6 2. d4 d5 3. e5 c5 4. c3 Qb6 5. Nf3 Nc6 6. Be2 cxd4 7. cxd4 Nge7 8. b3
Nf5 9. Bb2 Bb4+ 10. Kf1 h5 11. g3 Bd7 12. h3 Rc8 13. Kg2 Bf8 14. Nc3 a6 15. Na4
Qa7 16. Rc1 b5 17. Nc5 Ncxd4 18. Nxd4 Bxc5 19. Nxf5 exf5 20. Bxh5 Be6 21. Qe2
O-O 22. Bf3 Rfd8 23. Rhd1 Qe7 24. Rc2 d4 25. Rcd2 Bd5 26. Bxd4 Bxf3+ 27. Qxf3
Bxd4 28. Rxd4 Rxd4 29. Rxd4 Qxe5 30. Rd5 Qe4 31. Rxf5 Qxf3+ 32. Rxf3 Rc2 33. a3
f6 34. h4 Kf7 35. Rd3 Ke6 36. Kf3 a5 37. Ke3 Ra2 38. b4 axb4 39. axb4 Rb2 40.
Rd4 Rb3+ 41. Kf4 g6 42. f3 Rb1 43. Kg4 Rc1 44. Re4+ Kd5 45. Kf4 Rb1 46. g4 Rh1
47. Kg3 Rg1+ 48. Kh2 Rb1 49. h5 gxh5 50. gxh5 f5 51. h6 Rc1 52. h7 Rc8 53. Rh4
Rh8 54. Kg3 Ke5 55. Rh6 Kd5 56. Kf4 Kc4 57. Kxf5 Kxb4 58. Kg6 Kc4 59. Kg7 1-0

[Event "38th Nezhmetdinov Mem"]
[Site "Kazan RUS"]
[Date "2016.06.04"]
[Round "5.38"]
[White "Drogovoz, Irina"]
[Black "Kalabukhov, Bogdan"]
[Result "1-0"]
[WhiteTitle "WIM"]
[WhiteElo "2205"]
[BlackElo "2056"]
[WhiteFideId "4176715"]
[BlackFideId "34102865"]
[EventDate "2016.05.31"]

1. d4 d5 2. c4 e6 3. Nc3 c6 4. e4 dxe4 5. Nxe4 Bb4+ 6. Bd2 Qxd4 7. Bxb4 Qxe4+ 8.
Be2 c5 9. Bxc5 Qxg2 10. Qd6 Nd7 11. Bf3 Qg5 12. Ba3 Qe5+ 13. Ne2 Qxd6 14. Bxd6
Ne7 15. Nd4 a6 16. O-O-O e5 17. Rhe1 f6 18. c5 Nb8 19. b4 Kf7 20. Be2 Nf5 21.
Bc4+ Kg6 22. Nxf5 Bxf5 23. f4 e4 24. Rd5 Be6 25. f5+ Bxf5 26. Rg1+ Kh6 27. Rxf5
Nd7 28. Be6 Ne5 29. Bxe5 fxe5 30. Rxe5 1-0

[Event "38th Nezhmetdinov Mem"]
[Site "Kazan RUS"]
[Date "2016.06.04"]
[Round "5.39"]
[White "Tishova, Svetlana"]
[Black "Kalinin, Nikita"]
[Result "0-1"]
[WhiteElo "1946"]
[BlackElo "2194"]
[WhiteFideId "24173550"]
[BlackFideId "24155390"]
[EventDate "2016.05.31"]

1. e4 c6 2. d4 d5 3. exd5 cxd5 4. Bd3 Nc6 5. c3 Qc7 6. Ne2 Bg4 7. O-O g6 8. f3
Bf5 9. Bxf5 gxf5 10. Bf4 Qd7 11. Nc1 e6 12. Nd3 Bd6 13. Qd2 Nge7 14. Re1 Ng6 15.
Bxd6 Qxd6 16. Qg5 Qe7 17. Qh6 O-O-O 18. Nd2 Qf6 19. g3 f4 20. Nxf4 Nxd4 21. Nh5
Nf5 22. Nxf6 Nxh6 23. f4 Nf5 24. Nf3 h5 25. Ne5 Nxe5 26. fxe5 Rh6 27. Rf1 Ne7
28. Rae1 Nc6 29. Rf4 Rg6 30. Nxh5 Rg5 31. Nf6 Nxe5 32. Re2 Ng6 33. Rf1 Ne7 34.
g4 Rh8 35. Kg2 Nf5 36. Kf3 Rg6 37. gxf5 Rxf6 38. Kg3 Rg8+ 39. Kf2 Rxf5+ 40. Ke1
Rxf1+ 41. Kxf1 Kd7 42. Kf2 Kd6 43. Kf3 e5 44. h4 f5 45. h5 Ke6 46. Rh2 Kf6 47.
Rd2 Rh8 48. Rxd5 Rxh5 49. Rd7 e4+ 50. Kf4 Rh4+ 51. Ke3 Rh3+ 52. Ke2 Ke5 53. Rxb7
Rh2+ 54. Kf1 f4 55. Rb5+ Ke6 56. Rb4 Kf5 57. Rb5+ Kg4 0-1

[Event "38th Nezhmetdinov Mem"]
[Site "Kazan RUS"]
[Date "2016.06.04"]
[Round "5.40"]
[White "Fedotov, Nikita2"]
[Black "Ashrafzianov, Igor"]
[Result "1/2-1/2"]
[WhiteElo "2192"]
[BlackElo "1962"]
[WhiteFideId "24161446"]
[BlackFideId "24122572"]
[EventDate "2016.05.31"]

1. Nf3 Nf6 2. g3 e6 3. Bg2 d5 4. O-O Be7 5. d3 O-O 6. Nbd2 Nbd7 7. e4 e5 8. Qe2
dxe4 9. dxe4 c6 10. b3 Qc7 11. Bb2 Re8 12. a4 a5 13. Nc4 Bf8 14. Nfd2 b5 15. Ne3
Ba6 16. axb5 cxb5 17. Rfd1 Bb4 18. c4 bxc4 19. Ndxc4 Nc5 20. Qc2 Nb7 21. Rac1
Qc5 22. Qb1 Bxc4 23. Nxc4 Ng4 24. Ne3 Nxe3 25. Rxc5 Nxd1 26. Rxe5 Nxb2 27. Rxe8+
Rxe8 28. Qxb2 Nc5 29. Qb1 g6 30. f4 Rd8 31. Bf1 Rd4 32. e5 Re4 33. Kf2 Re1 1/2-1/2

[Event "38th Nezhmetdinov Mem"]
[Site "Kazan RUS"]
[Date "2016.06.04"]
[Round "5.41"]
[White "Bezdenezhnyh, Pavel"]
[Black "Talipov, Vitaly"]
[Result "1-0"]
[WhiteElo "2181"]
[BlackElo "1616"]
[WhiteFideId "24126845"]
[BlackFideId "54123798"]
[EventDate "2016.05.31"]

1. e4 c5 2. Nf3 d6 3. d4 cxd4 4. Nxd4 Nf6 5. Nc3 g6 6. f4 Nc6 7. Nxc6 bxc6 8. e5
dxe5 9. Qxd8+ Kxd8 10. fxe5 Ng4 11. Bf4 Bg7 12. O-O-O+ Ke8 13. Nb5 Bd7 14. Nc7+
Kd8 15. Nxa8 Nf2 16. Bc4 Nxh1 17. e6 fxe6 18. Bxe6 Nf2 19. Rxd7+ Kc8 20. Rxe7+
Kd8 21. Rxg7 Ne4 22. Rd7+ 1-0

[Event "38th Nezhmetdinov Mem"]
[Site "Kazan RUS"]
[Date "2016.06.04"]
[Round "5.43"]
[White "Musaev, Rasul"]
[Black "Gagarin, Sergey"]
[Result "1-0"]
[WhiteTitle "FM"]
[WhiteElo "2310"]
[BlackElo "1997"]
[WhiteFideId "24146870"]
[BlackFideId "24175463"]
[EventDate "2016.05.31"]

1. e4 c5 2. Nc3 g6 3. f4 Bg7 4. Nf3 Nc6 5. Bb5 d6 6. O-O e6 7. f5 exf5 8. exf5
Bxf5 9. d4 a6 10. Bg5 f6 11. Bxc6+ bxc6 12. Bf4 c4 13. Re1+ Ne7 14. d5 c5 15.
Nd2 Kf7 16. g4 Bd7 17. Bxd6 Nc8 18. Bg3 h5 19. gxh5 Rxh5 20. Nxc4 Bb5 21. Qe2
Bxc4 22. Qxc4 Nb6 23. Qxc5 Nxd5 24. Rad1 Qb6 25. Re7+ Kg8 26. Qxb6 Nxb6 27. Rb7
Nc4 28. Rdd7 Bf8 29. Nd5 Rf5 30. b3 Bc5+ 31. Kh1 Ne5 32. Rg7+ Kf8 33. Rh7 Rh5
34. Nxf6 1-0

[Event "38th Nezhmetdinov Mem"]
[Site "Kazan RUS"]
[Date "2016.06.04"]
[Round "5.44"]
[White "Glukhov, Alexander"]
[Black "Terentev, Mikhail"]
[Result "1/2-1/2"]
[WhiteElo "2286"]
[BlackElo "2024"]
[WhiteFideId "4178882"]
[BlackFideId "24183814"]
[EventDate "2016.05.31"]

1. e4 c6 2. d4 d5 3. e5 c5 4. dxc5 Nc6 5. Bb5 e6 6. Be3 Bd7 7. Bxc6 Bxc6 8. Nf3
Ne7 9. c3 Nf5 10. Bd4 Nxd4 11. Nxd4 Bxc5 12. Nd2 O-O 13. O-O Rc8 14. N2b3 Ba4
15. Qe2 Bxb3 16. Nxb3 Qb6 17. Rad1 Be7 18. Rd3 Qa6 19. a3 Rc6 20. Nd4 Rb6 21.
Rfd1 f6 22. exf6 Bxf6 23. Re3 Bxd4 24. Rxd4 Qxe2 25. Rxe2 Rc8 26. f4 Rc4 27.
Rxc4 dxc4 28. Kf2 Kf7 29. Rd2 Kf6 30. Ke3 e5 31. Ke4 exf4 32. Kxf4 Re6 33. Kf3
Re5 34. Rd6+ Ke7 35. Rd4 Rb5 36. Rd2 1/2-1/2

[Event "38th Nezhmetdinov Mem"]
[Site "Kazan RUS"]
[Date "2016.06.04"]
[Round "5.45"]
[White "Novikov, Roman"]
[Black "Voinikonis, Nikita"]
[Result "0-1"]
[WhiteElo "1981"]
[BlackElo "2168"]
[WhiteFideId "24198498"]
[BlackFideId "34187500"]
[EventDate "2016.05.31"]

1. e4 c5 2. Nf3 d6 3. d4 cxd4 4. Qxd4 Nc6 5. Bb5 Bd7 6. Bxc6 Bxc6 7. c4 Nf6 8.
Nc3 g6 9. O-O Bg7 10. Qd3 O-O 11. Nd4 Nd7 12. Be3 Rc8 13. f4 Nc5 14. Qc2 Ne6 15.
Nxe6 fxe6 16. f5 gxf5 17. exf5 Bd7 18. fxe6 Bxe6 19. Rxf8+ Qxf8 20. Rf1 Qe8 21.
b3 d5 22. Ne2 dxc4 23. Nf4 cxb3 24. Qe4 Bc4 25. Rc1 bxa2 26. Ne6 a1=Q 27. Rxa1
Bxa1 28. Qg4+ Qg6 0-1

[Event "38th Nezhmetdinov Mem"]
[Site "Kazan RUS"]
[Date "2016.06.04"]
[Round "5.46"]
[White "Isaykin, Artem"]
[Black "Emelianov, Fedor"]
[Result "1-0"]
[WhiteElo "1973"]
[BlackElo "2134"]
[WhiteFideId "34165344"]
[BlackFideId "24140228"]
[EventDate "2016.05.31"]

1. e4 c6 2. d4 g6 3. Nc3 Bg7 4. Be3 d5 5. e5 h5 6. f4 Nh6 7. Nf3 Qb6 8. b3 Bg4
9. Be2 Nf5 10. Bf2 Bxf3 11. Bxf3 e6 12. Qd2 Bf8 13. Na4 Qc7 14. g3 Nd7 15. h3
O-O-O 16. b4 Be7 17. h4 Nb6 18. Nb2 Qd7 19. O-O Qc7 20. Qc3 Kd7 21. a4 Ke8 22.
Qb3 Kf8 23. a5 Nd7 24. c4 Rc8 25. Rfc1 Qd8 26. c5 Rb8 27. b5 Kg7 28. Be2 f6 29.
a6 fxe5 30. dxe5 Qc8 31. Qc2 d4 32. Bd3 Bxc5 33. axb7 Qxb7 34. Bxf5 gxf5 35. Nd3
cxb5 36. Nxc5 Qd5 37. Rxa7 Rhd8 38. Nxd7 Rxd7 39. Rxd7+ Qxd7 40. Qc7 Rd8 41.
Bxd4 Kg6 1-0

[Event "38th Nezhmetdinov Mem"]
[Site "Kazan RUS"]
[Date "2016.06.04"]
[Round "5.47"]
[White "Spiridonova, Yana"]
[Black "Andreev, Viktor"]
[Result "0-1"]
[BlackTitle "FM"]
[WhiteElo "1824"]
[BlackElo "2128"]
[WhiteFideId "24174262"]
[BlackFideId "4133277"]
[EventDate "2016.05.31"]

1. d4 Nf6 2. c4 d6 3. g3 g6 4. Bg2 Bg7 5. Nf3 O-O 6. O-O Nbd7 7. Nc3 c6 8. b3
Rb8 9. Bb2 b5 10. Nd2 b4 11. Nce4 Bb7 12. Qc2 d5 13. Nc5 Ba8 14. e4 Nxc5 15.
dxc5 d4 16. e5 d3 17. Qb1 Nd7 18. Qxd3 Nxc5 19. Qc2 Qd3 20. Be4 Qxc2 21. Bxc2
Rbd8 22. Rad1 Ne6 23. Ne4 c5 24. f4 f5 25. exf6 exf6 26. Nd6 f5 27. Be5 Nd4 28.
Rxd4 cxd4 29. c5 Be4 30. Bxe4 fxe4 31. c6 d3 32. c7 Rxd6 33. Bxd6 Bd4+ 34. Kg2
Rc8 35. f5 g5 36. Rd1 Bb6 37. Rc1 a5 38. Rc6 d2 39. Rxb6 d1=Q 40. Rb8 Qf3+ 41.
Kg1 Qxf5 0-1

[Event "38th Nezhmetdinov Mem"]
[Site "Kazan RUS"]
[Date "2016.06.04"]
[Round "5.48"]
[White "Mukhutdinov, Tigran"]
[Black "Mischeryakov, Alexey"]
[Result "1/2-1/2"]
[WhiteElo "2098"]
[BlackElo "1976"]
[WhiteFideId "34108570"]
[BlackFideId "34156434"]
[EventDate "2016.05.31"]

1. e4 c6 2. d4 d5 3. e5 Bf5 4. Nf3 e6 5. Be2 c5 6. Be3 Qb6 7. Nc3 a6 8. Na4 Qa5+
9. c3 c4 10. b4 Qc7 11. Nh4 Bg6 12. f4 Be4 13. Bf3 Bxf3 14. Nxf3 Nh6 15. Nb2 Nd7
16. Qc1 Be7 17. Bf2 b5 18. a4 O-O 19. a5 Nb8 20. Bh4 Nc6 21. Bxe7 Qxe7 22. Qd2
f6 23. exf6 Qxf6 24. g3 Nf5 25. Nd1 h6 26. Nf2 Qg6 27. Rg1 Nd6 28. O-O-O Nb7 29.
Qc2 Qh5 30. Qe2 Qf7 31. Rge1 Rfe8 32. Ne5 Nxe5 33. Qxe5 Re7 34. Ng4 Qg6 35. Qe2
Nd6 36. Ne5 Qe8 37. Kb2 Ne4 38. Nf3 Qh5 39. Nd2 Qxe2 40. Rxe2 Nxd2 41. Rdxd2 Rf8
42. Re5 Rf5 43. Re3 Kf7 44. h4 h5 45. Kc2 g6 1/2-1/2

[Event "38th Nezhmetdinov Mem"]
[Site "Kazan RUS"]
[Date "2016.06.04"]
[Round "5.49"]
[White "Galiev, Irek"]
[Black "Gilyazitdinov, Nikita"]
[Result "0-1"]
[WhiteElo "1859"]
[BlackElo "2065"]
[WhiteFideId "34147150"]
[BlackFideId "4184106"]
[EventDate "2016.05.31"]

1. d4 Nf6 2. Nf3 g6 3. c4 c5 4. d5 b5 5. cxb5 a6 6. bxa6 Bxa6 7. Nc3 Bg7 8. g3
O-O 9. Bg2 d6 10. O-O Nbd7 11. Re1 Qb6 12. Qc2 Rfb8 13. h3 Ne8 14. e4 Nc7 15.
Rb1 Nb5 16. Na4 Qb7 17. b3 Ne5 18. Nxe5 Bxe5 19. Bb2 Nd4 20. Bxd4 Bxd4 21. Bf1
Qb4 22. Bxa6 Rxa6 23. Rbc1 Qa3 24. Qe2 Rxa4 25. bxa4 Qxg3+ 26. Kh1 Qxh3+ 27. Kg1
Be5 28. Qe3 Qh2+ 29. Kf1 Bf4 30. Qf3 Bxc1 31. Rxc1 Rb4 32. a5 Qe5 33. Rc3 Ra4
34. Ra3 Qd4 35. Rxa4 Qxa4 36. Qb3 Qxa5 37. a4 Kf8 38. Qb8+ Kg7 39. Qb2+ Kh6 40.
Qb5 Qd2 41. a5 c4 42. a6 c3 43. Qe2 Qc1+ 44. Qe1 Qa3 45. Qe3+ Kg7 46. Qd4+ f6
47. Qa7 c2 48. Qxe7+ Kh6 0-1

[Event "38th Nezhmetdinov Mem"]
[Site "Kazan RUS"]
[Date "2016.06.04"]
[Round "5.50"]
[White "Ioffe, Dmitry"]
[Black "Lilov, Aleksandr"]
[Result "1/2-1/2"]
[WhiteElo "2058"]
[BlackElo "1935"]
[WhiteFideId "4185617"]
[BlackFideId "24180513"]
[EventDate "2016.05.31"]

1. e4 e5 2. Bc4 Nf6 3. Nc3 Nc6 4. d3 Bb4 5. Bg5 d6 6. Ne2 Be6 7. a3 Bxc3+ 8.
Nxc3 h6 9. Bxf6 Qxf6 10. Nd5 Bxd5 11. Bxd5 Ne7 12. Bb3 O-O 13. Qg4 Kh7 14. h4
Rad8 15. Rh3 g6 16. O-O-O d5 17. Rf3 Qg7 18. exd5 Nxd5 19. h5 Nf4 20. Rh1 Nxh5
21. Qb4 b6 22. g3 f5 23. Re1 Rd4 24. Qb5 e4 25. dxe4 Rxe4 26. Rd1 Nf6 27. Rfd3
a5 28. Kb1 Rfe8 29. Rd8 Rxd8 30. Rxd8 Re7 31. Qc6 h5 32. f4 Ne4 33. Qa8 Rd7 34.
Rxd7 Qxd7 35. Qg8+ Kh6 36. Bf7 Qd1+ 37. Ka2 Nc3+ 38. Kb3 a4+ 39. Kxc3 Qe1+ 40.
Kc4 Qe2+ 41. Kb4 Qd2+ 42. Kxa4 Qxc2+ 43. Kb5 Qxb2+ 44. Kc6 Qf6+ 45. Kxc7 Qe7+
46. Kxb6 Qd6+ 47. Kb5 Qd7+ 48. Kb4 Qd6+ 49. Kb3 Qd3+ 50. Kb4 Qd6+ 51. Kc4 Qc6+
52. Kd4 Qe4+ 53. Kc5 Qe3+ 54. Kc6 Qe4+ 55. Kd6 Qd3+ 56. Kc7 Qc3+ 57. Kb7 Qb2+
58. Kc7 Qc3+ 59. Kb8 Qb2+ 60. Bb3 Qf6 1/2-1/2

[Event "38th Nezhmetdinov Mem"]
[Site "Kazan RUS"]
[Date "2016.06.04"]
[Round "5.51"]
[White "Khazieva, Elza"]
[Black "Akhtariev, Andrey"]
[Result "0-1"]
[WhiteTitle "WFM"]
[WhiteElo "2147"]
[BlackElo "1927"]
[WhiteFideId "4100166"]
[BlackFideId "34112275"]
[EventDate "2016.05.31"]

1. e4 c5 2. Nf3 e6 3. d4 cxd4 4. Nxd4 Nf6 5. Nc3 Nc6 6. Nxc6 bxc6 7. e5 Nd5 8.
Ne4 Qc7 9. f4 Qb6 10. c4 Bb4+ 11. Ke2 Ba6 12. Kf3 f5 13. Nf2 Nc7 14. Be3 c5 15.
Kg3 O-O-O 16. a3 d6 17. Qc1 g5 18. Nd3 dxe5 19. Nxe5 gxf4+ 20. Bxf4 Rhg8+ 21.
Kf2 Ba5 22. Be2 Bb7 23. Bf3 Ne8 24. Qc2 Nf6 25. Rhd1 Bxf3 26. Nxf3 Qb7 27. Rxd8+
Bxd8 28. Rd1 Ng4+ 29. Kf1 Bc7 30. Qe2 Qe4 31. Bc1 Nxh2+ 32. Nxh2 Qxe2+ 33. Kxe2
Rxg2+ 34. Kf3 Rxh2 35. Be3 Rxb2 36. Bxc5 Rc2 37. Bxa7 Rxc4 0-1

[Event "38th Nezhmetdinov Mem"]
[Site "Kazan RUS"]
[Date "2016.06.04"]
[Round "5.52"]
[White "Kovaleva, Ekaterina"]
[Black "Kolbyshev, Sergei"]
[Result "1-0"]
[WhiteElo "1786"]
[BlackElo "2054"]
[WhiteFideId "34128252"]
[BlackFideId "34107646"]
[EventDate "2016.05.31"]

1. e4 c5 2. Nf3 e6 3. d4 cxd4 4. Nxd4 Nf6 5. Nc3 Nc6 6. Be2 Bb4 7. O-O Bxc3 8.
bxc3 Nxe4 9. Qd3 d5 10. Ba3 Nd6 11. Qe3 Nxd4 12. cxd4 Nf5 13. Qd2 f6 14. Rfe1
Kf7 15. g4 Nh4 16. f4 Re8 17. Qd3 Ng6 18. f5 Nf8 19. Qh3 e5 20. Bxf8 Kxf8 21.
Qxh7 e4 22. g5 Bd7 23. Bh5 1-0

[Event "38th Nezhmetdinov Mem"]
[Site "Kazan RUS"]
[Date "2016.06.04"]
[Round "5.53"]
[White "Karamov, Stepan"]
[Black "Pavlova, Nataliy"]
[Result "1-0"]
[WhiteElo "1785"]
[BlackElo "2010"]
[WhiteFideId "24198145"]
[BlackFideId "24135615"]
[EventDate "2016.05.31"]

1. d4 d5 2. Nf3 c6 3. c4 Nf6 4. Qc2 e6 5. Bg5 Nbd7 6. e3 Be7 7. Nc3 O-O 8. h3 h6
9. Bf4 Qa5 10. cxd5 Nxd5 11. Bh2 N7f6 12. Nd2 b5 13. Be2 Bb7 14. O-O a6 15. Nce4
Rfd8 16. a3 Qb6 17. Rfc1 Nd7 18. Nb3 Ra7 19. Nec5 Ba8 20. Ne4 Bb7 21. Nd6 Ba8
22. Nc5 N7f6 23. Nde4 a5 24. Bf3 Nxe4 25. Bxe4 Bd6 26. Bxd6 Rxd6 27. Bxd5 cxd5
28. b4 a4 29. f4 Bc6 30. Rf1 Be8 31. Rf3 f6 32. g4 Qc7 33. h4 h5 34. Rg3 Qf7 35.
Kh2 hxg4 36. Rxg4 Qh5 37. Qe2 f5 38. Rg2 Qxh4+ 39. Kg1 g6 40. Qf2 Rh7 41. Qxh4
Rxh4 42. Rh2 Rxh2 43. Kxh2 Kg7 44. Kg3 Kf6 45. Rh1 g5 46. Rh6+ Bg6 47. Rh8 gxf4+
48. Kxf4 Ke7 49. Ke5 Rb6 50. Rh6 Kf7 51. Rh8 Ke7 52. Ra8 Bf7 53. Ra7+ Ke8 54.
Rd7 Rc6 55. Rd6 Rc7 56. Rb6 Ke7 57. Rxb5 Be8 58. Ra5 Bc6 59. Nxa4 Bxa4 60. Rxa4
Rc3 1-0

[Event "38th Nezhmetdinov Mem"]
[Site "Kazan RUS"]
[Date "2016.06.04"]
[Round "5.54"]
[White "Matskevich, Ivan"]
[Black "Kurninov, Andrei"]
[Result "1-0"]
[WhiteElo "1976"]
[BlackElo "1772"]
[WhiteFideId "34191930"]
[BlackFideId "4178963"]
[EventDate "2016.05.31"]

1. e4 c5 2. a3 g6 3. Nc3 Bg7 4. g3 e6 5. Bg2 Ne7 6. d3 Nbc6 7. Be3 Nd4 8. Rb1
Qa5 9. Qd2 O-O 10. Nge2 Nec6 11. O-O d6 12. Nc1 Ne5 13. Qd1 h5 14. h3 Bd7 15. f4
Nec6 16. N3e2 f5 17. c3 Nxe2+ 18. Nxe2 e5 19. Qb3+ Kh7 20. Qxb7 Qd8 21. exf5 Rb8
22. fxg6+ Kxg6 23. Qa6 Rb6 24. Qa4 Bf5 25. Bxc6 Bxd3 26. Be4+ 1-0

[Event "38th Nezhmetdinov Mem"]
[Site "Kazan RUS"]
[Date "2016.06.04"]
[Round "5.55"]
[White "Gavrilin, Roman"]
[Black "Mirzaeva, Gulnara"]
[Result "0-1"]
[WhiteElo "1753"]
[BlackElo "1973"]
[WhiteFideId "54104564"]
[BlackFideId "24178780"]
[EventDate "2016.05.31"]

1. e4 c5 2. Nf3 Nc6 3. d4 cxd4 4. Nxd4 g6 5. Nc3 Bg7 6. Be3 Nf6 7. Nxc6 bxc6 8.
e5 Ng8 9. f4 Nh6 10. h3 f6 11. Qd2 Nf5 12. O-O-O Nxe3 13. Qxe3 fxe5 14. fxe5 Qa5
15. Re1 Rf8 16. Bd3 Rb8 17. Bc4 Rf5 18. Bb3 Rb4 19. e6 d5 20. Qg3 Bf6 21. h4 d4
22. Ne4 Be5 23. Qh3 c5 24. a3 Ba6 25. Nxc5 d3 26. Nxd3 Rxb3 27. cxb3 Bg7 28. Kb1
Qd2 29. Rd1 Bxd3+ 30. Qxd3 Qxb2# 0-1

[Event "38th Nezhmetdinov Mem"]
[Site "Kazan RUS"]
[Date "2016.06.04"]
[Round "5.56"]
[White "Tretyakov, Stepan"]
[Black "Khafizov, Emir"]
[Result "1-0"]
[WhiteElo "1967"]
[BlackElo "1684"]
[WhiteFideId "24198820"]
[BlackFideId "34150355"]
[EventDate "2016.05.31"]

1. d4 d5 2. c4 c6 3. cxd5 cxd5 4. Nc3 e6 5. Bf4 a6 6. e3 Nf6 7. Bd3 Bd6 8. Bxd6
Qxd6 9. f4 O-O 10. Nf3 Nc6 11. Rc1 b5 12. O-O Bb7 13. Ne5 Ne7 14. Qf3 Rac8 15.
g4 Rc7 16. g5 Nd7 17. Qh3 g6 18. Qh6 f5 19. gxf6 Nxf6 20. Kh1 Nf5 21. Qh3 Rfc8
22. Rce1 Rg7 23. Rg1 Rcc7 24. Re2 Kf8 25. Nb1 Ke8 26. Nd2 Bc8 27. Nb3 Nd7 28.
Nxd7 Rcxd7 29. Nc5 Rc7 30. Qf3 Qb6 31. Bxf5 gxf5 32. Reg2 Qa7 33. Qh5+ Kd8 34.
Qh6 Rgf7 35. Rg8+ Ke7 36. Rxc8 1-0

[Event "38th Nezhmetdinov Mem"]
[Site "Kazan RUS"]
[Date "2016.06.04"]
[Round "5.57"]
[White "Shaidullin, Askar"]
[Black "Taipov, Ilmir"]
[Result "1-0"]
[WhiteElo "1934"]
[BlackElo "1673"]
[WhiteFideId "34159662"]
[BlackFideId "34182893"]
[EventDate "2016.05.31"]

1. e4 e5 2. Nf3 Nc6 3. Bb5 a6 4. Bxc6 dxc6 5. O-O Bd6 6. d4 Bg4 7. dxe5 Bxf3 8.
Qxf3 Bxe5 9. c3 Qf6 10. Qe2 Bd6 11. e5 Qe6 12. Re1 Bc5 13. Nd2 h6 14. Nf3 Ne7
15. Be3 Bxe3 16. Qxe3 Nd5 17. Qe4 O-O 18. Nd4 Qd7 19. Rad1 Qe7 20. Rd3 g6 21.
Rg3 Kh7 22. f4 Qh4 23. Rf1 Rae8 24. Qf3 a5 25. Rh3 Qe7 26. Re1 Qc5 27. f5 Ne7
28. Kh1 Qd5 29. Qf4 Ng8 30. f6 c5 31. Nf3 h5 32. Rxh5+ gxh5 33. Qf5+ Kh6 34.
Qg5+ Kh7 35. Qg7# 1-0

[Event "38th Nezhmetdinov Mem"]
[Site "Kazan RUS"]
[Date "2016.06.04"]
[Round "5.58"]
[White "Shafigullina, Zarina"]
[Black "Zharkov, Nikolay"]
[Result "0-1"]
[WhiteElo "1901"]
[BlackElo "1629"]
[WhiteFideId "24174220"]
[BlackFideId "54193648"]
[EventDate "2016.05.31"]

1. d4 Nf6 2. Nf3 g6 3. g3 Bg7 4. Bg2 O-O 5. O-O d6 6. c4 Nc6 7. Nc3 a6 8. d5 Na5
9. Qd3 c5 10. Nd2 Rb8 11. e4 b5 12. Rb1 Qc7 13. b3 Ng4 14. Bb2 Bd7 15. h3 Ne5
16. Qe2 bxc4 17. bxc4 Nexc4 18. Nxc4 Bxc3 19. Bxc3 Nxc4 20. Qxc4 Bb5 21. Rxb5
axb5 22. Qd3 b4 0-1